Loading...
| Any History | 12 | 20.00 | 100% | 92% | 8% |
| Current Events | 4 | 20.00 | 100% | 75% | 25% |
| Fine Arts - Classical Music | 10 | 18.00 | 100% | 80% | 0% |
| Fine Arts - Other | 12 | 17.50 | 100% | 67% | 8% |
| Geography | 6 | 15.00 | 100% | 50% | 0% |
| History - American | 11 | 19.09 | 91% | 82% | 18% |
| History - European | 11 | 20.00 | 100% | 82% | 18% |
| History - World | 9 | 17.78 | 100% | 78% | 0% |
| Literature - American | 7 | 20.00 | 100% | 86% | 14% |
| Literature - British | 11 | 20.00 | 100% | 91% | 9% |
| Literature - European | 9 | 21.11 | 100% | 78% | 33% |
| Literature - World | 13 | 23.08 | 100% | 100% | 31% |
| Mythology | 5 | 22.00 | 100% | 100% | 20% |
| Other Academic | 5 | 18.00 | 100% | 80% | 0% |
| Painting & Sculpture | 11 | 20.00 | 100% | 82% | 18% |
| Philosophy | 11 | 20.00 | 100% | 82% | 18% |
| Religion | 11 | 19.09 | 100% | 55% | 36% |
| Science - Biology | 9 | 20.00 | 100% | 89% | 11% |
| Science - Chemistry | 9 | 20.00 | 100% | 67% | 33% |
| Science - Other | 12 | 20.83 | 100% | 75% | 33% |
| Science - Physics | 6 | 18.33 | 83% | 67% | 33% |
| Social Science | 8 | 21.25 | 100% | 100% | 13% |